000 00575nam a2200193Ia 4500
008 191130s1995##################000#0#eng##
020 _a9780521478885
040 _aACL
_cACL
082 _a320.15 BAR
100 _aBartelson, Jens
245 _aA genealogy of sovereignty
_cJens Bartelson
260 _aCambridge
_bCambridge Univeristy Press
_c1995
300 _ax, 317 p. ; 24 cm
500 _aIncludes bibliographical references (p. 293-313) and index
650 _aSovereignty
990 _ab6fcb112ac10000c27e6ff34f69cb3de
991 _a350484
999 _c341099
_d341099